000 00332nam a22001457a 4500
008 221202b ||||| |||| 00| 0 eng d
020 _a9780393679533
041 _aeng
080 _2FIFTH EDITION
_a573
082 _a573ALB
100 _a16.2
101 _aBIOLO
245 _aESSENTIAL CELL BIOLOGY
_cALBERTS
942 _2udc
_cBK
999 _c59076
_d59076